| 000 | 00742nam a2200229 4500 | ||
|---|---|---|---|
| 003 | OSt | ||
| 005 | 20230824134021.0 | ||
| 008 | 708 R549v | ||
| 040 | _cLado V | ||
| 082 |
_a779.943.4 _bE18c |
||
| 100 |
_9974 _aEchavarría, Juan Manuel _eautora |
||
| 245 | _aCorte de Florero/ | ||
| 246 | _aFlower Vase Cut | ||
| 260 |
_aNew York _bInternational Gallery _c1998 |
||
| 300 |
_a12p. _c23x28cm |
||
| 650 |
_2Tesauro de Arte & Arquitectura _aARTE _9702 |
||
| 650 |
_2Tesauro de Arte & Arquitectura _aFOTOGRAFÍA _9702 |
||
| 650 |
_2Tesauro de Arte & Arquitectura _aNATURALEZA |
||
| 650 |
_2Tesauro de Arte & Arquitectura _aFLORES |
||
| 650 |
_2Tesauro de Arte & Arquitectura _aHONGOS |
||
| 942 |
_2ddc _c1 _h779.943.4 _iE18c _n0 |
||
| 999 |
_c4219 _d4219 |
||